| 000 | 02183nac a22002651u 4500 | ||
|---|---|---|---|
| 010 | _a2005281242 | ||
| 020 | _a0072230738 (pbk.) | ||
| 035 | _a(OCoLC)ocm57439852 | ||
| 082 | 0 | 0 |
_a005.2762 _bS3342 |
| 090 |
_c516 _d516 |
||
| 100 | _aSchildt, Herbert. | ||
| 245 | 1 | 0 |
_aJava : _bthe complete reference / _cHerbert Schildt. |
| 250 | _aJ2SE 5 ed. | ||
| 260 |
_aNew York : _bMcGraw-Hill/Osborne,2005 _c2005. |
||
| 300 |
_axxx, 1000 p. : _bill. ; _c23 cm. |
||
| 500 | _aIncludes index. | ||
| 505 | 0 | _apt. 1. The Java language. The history and evolution of Java -- An overview of Java -- Data types, variables, and arrays -- Operators -- Control statements -- Introducing classes -- A closer look at methods and classes -- Inheritance -- Packages and interfaces -- Exception handling -- Multithreaded programming -- Enumerations, autoboxing, and metadata (annotations) -- I/O, applets, and other topics -- Generics -- pt. 2. The Java library. String handling -- Exploring java.lang -- java.util part 1: the collections framework -- java.util part 2: more utility classes -- Input/output: exploring java.io -- Networking -- The applet class -- Event handling -- Introducing the AWT: working with windows, graphics and text -- Using AWT controls, layout managers, and menus -- Images -- The concurrent utilities -- NIO, regular expressions, and other packages -- pt. 3. Software development using Java. Java beans -- A tour of swing -- Servlets -- pt. 4. Applying Java. Financial applets and servlets -- Creating a download manager in Java -- Using Java's documentation comments. | |
| 650 | 0 | _aJava (Computer program language) | |
| 650 | 0 | _aInternet programming. | |
| 856 | 4 | 2 |
_3Contributor biographical information _uhttp://www.loc.gov/catdir/enhancements/fy0626/2005281242-b.html |
| 856 | 4 | 2 |
_3Publisher description _uhttp://www.loc.gov/catdir/enhancements/fy0626/2005281242-d.html |
| 856 | 4 | 2 |
_3Table of contents _uhttp://www.loc.gov/catdir/enhancements/fy0626/2005281242-t.html |
| 942 |
_cBB _k005.2762S3342 |
||
| 999 |
_c516 _d516 |
||